| 000 | 00487cam a2200193 4500 | ||
|---|---|---|---|
| 001 | D8943 | ||
| 008 | 090401t1982 xxu||||| |||| 00| 0 eng d | ||
| 035 | _a(Sirsi) u16308 | ||
| 041 | _aeng | ||
| 050 | _a692.5 | ||
| 110 |
_aDavisBelfield and Everest _93167 |
||
| 245 | _aSpon`s mechanical and electrical services price book 1983 | ||
| 250 | _a14th | ||
| 260 |
_aLondon _bE and F N Spon _c1982 |
||
| 300 | _axiii. 523p. 22cm | ||
| 350 | _a19.75 | ||
| 942 | _n0 | ||
| 948 | _c04/03/1997 | ||
| 999 |
_c87411 _d87411 |
||